Szczegóły MARC21

L'homme et le monde /

003 -Nazwa inst., której nr kontr. jest w polu 001 [,]
    • @
    • Nazwa instytucji, której n kontrolny jest w polu 001
    • NUKAT
005 -DATA I CZAS OSTATNIEJ MODYFIKACJI [,]
    • @
    • pole kontrolne
    • 20241231090509.0
020 -Międzynarod. znormalizowany nr książki - ISBN [ , ]
    • a
    • Numer ISBN
    • 2200030479 Find
040 -Instytucja sporządzająca opis [ , ]
    • a
    • Instytucja, która sporządziła opis (NP)
    • GD U/DC
    • b
    • Język katalogowania
    • pol
    • e
    • Zasady katalogowania
    • rda
    • c
    • Instytucja, która sporządziła rekord (NP)
    • GD U/DC
    • d
    • Instytucja, która zmodyfikowała rekord (P)
    • GD PAN/JSs
    • d
    • Instytucja, która zmodyfikowała rekord (P)
    • SZCZ U/JS
942 -Rodzaj dokumentu [ , ]
    • c
    • Rodzaj dokumentu
    • Książka
100 -Hasło główne - nazwa osobowa [1, ]
    • a
    • Nazwa osobowa (NP)
    • Raffin, Françoise.
    • e
    • Rodzaj współpracy
    • Autor
    • 9
    • KHW
    • 462887
245 -Strefa tytułu i oznaczenia odpowiedzialności [1,2]
    • a
    • Tytuł
    • L'homme et le monde / Find
    • c
    • Pozostałe elementy strefy tytułu i oznaczenia odpowiedzialności (NP)
    • Françoise Raffin, Louis-Marie Morfaux.
260 -Strefa adresu wydawniczego [ , ]
    • a
    • Miejsce wydania (P)
    • Paris :
    • b
    • Nazwa wydawcy (P)
    • Armand Colin,
    • c
    • Data wydania (P)
    • druk 1992.
300 -Strefa opisu fizycznego [ , ]
    • a
    • Określenie formy książki i/lub objętość (NP)
    • 191, [1] strona ;
    • c
    • Format (NP)
    • 21 cm.
336 -Typ zawartości [ , ]
    • a
    • Termin opisujący typ zawartości
    • Tekst
    • b
    • Kod określający zawartość
    • txt
    • 2
    • Źródło (terminu i kodu)
    • rdacontent
337 -Typ mediów [ , ]
    • a
    • Tryb odtwarzania
    • Bez urządzenia pośredniczącego
    • b
    • Kod typu mediów
    • n
    • 2
    • Źródło (terminu i kodu)
    • rdamedia
338 -Typ/rodzaj nośnika [ , ]
    • a
    • Hasło opisujące typ nośnika
    • Wolumin
    • b
    • Kod typu nośnika
    • nc
    • 2
    • Źródło (terminu i kodu)
    • rdacarrier
490 -Strefa serii i książki wielotomowej - forma nie do wyszukiwania [1, ]
    • a
    • Tytuł (P)
    • Collection L.-M. Morfaux Find
830 -Hasło dodatkowe serii i opisu książki wielotomowej - tytuł ujednolicony/tytuł [ ,0]
    • a
    • Tytuł ujednolicony/tytuł (NP)
    • Collection L.-M. Morfaux
    • x
    • ISSN
    • 1248-7538
    • 9
    • KHW
    • 462886
504 -Uwaga dot. bibliogr. załącznikowej [ , ]
    • a
    • Uwaga dot. bibliografii załącznikowej
    • Bibliografia przy rozdziałach. Indeks.
650 -Hasło przedmiotowe [ ,7]
    • a
    • Hasło przedmiotowe
    • Antropologia filozoficzna.
    • 2
    • Źródło terminu
    • kaba
    • 9
    • KHW
    • 101457
650 -Hasło przedmiotowe [ ,7]
    • a
    • Hasło przedmiotowe
    • Historia
    • x
    • Określnik rzeczowy
    • filozofia.
    • 2
    • Źródło terminu
    • kaba
    • 9
    • KHW
    • 111191
650 -Hasło przedmiotowe [ ,7]
    • a
    • Hasło przedmiotowe
    • Ontologia.
    • 2
    • Źródło terminu
    • kaba
    • 9
    • KHW
    • 122351
700 -Hasło dodatkowe - nazwa osobowa [1, ]
    • a
    • Nazwa osobowa (NP)
    • Morfaux, Louis-Marie Find
    • d
    • Daty biograficzne (NP)
    • (19..-1998).
    • e
    • Określenie rodzaju współpracy
    • Autor
    • 9
    • KHW
    • 462884
710 -Hasło dodatkowe - nazwa ciała zbiorowego [2, ]
    • a
    • Nazwa ciała zbiorowego lub nazwa geograficzna jako pierwszy element (NP)
    • Armand Colin.
    • e
    • Rodzaj współpracy
    • Wydawca
    • 4
    • Kod relacji
    • pbl
    • 9
    • KHW
    • 613533
920 -ISBN [ , ]
    • a
    • ISBN
    • 2-200-03047-9 Find
Numer inwentarzowy Data inwentaryzacji Status udost. Sygnatura Lokalizacja
A.54651999-10-201FR. Filozofia 01BM
BC.117912018-12-06-3 BM
BC.109882018-09-11-3Fr. Filozofia 06BM